000
00182 a2200097 4500
001
8253
100
_a
Buck, P A
245
_a
Dragon Seed
260
_a
_b
Day
_c
090
_c
6636
_d
6636
942
_a
NUST-CAE
_c
_c
33196
999
_c
243326
_d
243326